Statistics for Largest Cities in Eastern European Countries

Click here to take the quiz!

General Stats

  • This quiz has been taken 145 times
  • The average score is 25 of 70

Answer Stats

RankCityPopulation% Correct
Russia1Moscow12,432,531
100%
Ukraine1Kiev2,950,819
99%
Russia2Saint Petersburg5,383,890
98%
Belarus1Minsk1,992,685
97%
Latvia1Rīga632,614
97%
Estonia1Tallinn391,251
97%
Lithuania1Vilnius540,919
95%
Ukraine3Odessa1,013,159
92%
Moldova1Chișinău532,513
91%
Ukraine2Kharkiv1,446,107
75%
Ukraine5Donetsk913,323
73%
Russia4Yekaterinburg1,483,119
73%
Ukraine7Lviv724,713
71%
Russia10Rostov-on-Don1,133,307
71%
Russia6Kazan1,251,969
69%
Russia3Novosibirsk1,618,039
68%
Russia5Nizhny Novgorod1,253,511
66%
Ukraine4Dnepropetrovsk998,103
65%
Russia8Omsk1,164,815
64%
Lithuania2Kaunas286,763
61%
Russia9Samara1,156,608
61%
Belarus6Brest350,616
48%
Belarus2Gomel536,938
46%
Moldova2Tiraspol133,807
46%
Russia7Chelyabinsk1,200,719
43%
Estonia2Tartu103,865
43%
Lithuania3Klaipėda147,898
39%
Latvia2Daugavpils82,604
37%
Ukraine6Zaporizhia738,728
34%
Ukraine10Mariupol440,367
33%
Belarus5Grodno373,547
27%
Estonia4Pärnu41,048
25%
Moldova3Bălți97,930
24%
Estonia3Narva58,446
24%
Belarus4Vitebsk378,459
24%
Ukraine8Kryvyi Rih624,579
23%
Latvia3Liepāja68,945
23%
Ukraine9Mykolaiv483,186
22%
Belarus3Mogilev383,313
20%
Latvia5Jūrmala49,325
18%
Latvia6Ventspils34,377
18%
Belarus10Pinsk137,960
15%
Latvia4Jelgava55,972
13%
Lithuania4Šiauliai100,119
13%
Lithuania5Panevėžys87,148
12%
Belarus7Babruysk216,793
11%
Belarus9Barysaw142,681
11%
Latvia7Rēzekne27,820
10%
Lithuania6Alytus50,421
9%
Lithuania7Marijampolė35,253
8%
Latvia8Ogre23,232
8%
Estonia6Rakvere17,983
8%
Moldova5Rîbnița47,949
8%
Estonia7Viljandi17,868
8%
Latvia10Jēkabpils22,076
7%
Lithuania10Utena25,496
7%
Belarus8Baranovichi179,000
6%
Moldova7Cahul28,763
6%
Moldova4Tighina91,882
6%
Latvia9Valmiera23,125
5%
Lithuania9Jonava26,715
4%
Lithuania8Mažeikiai32,711
4%
Moldova10Orhei21,065
4%
Estonia5Pirita - Maardu31,379
4%
Estonia10Sillamäe14,281
4%
Estonia8Järve17,619
3%
Moldova9Soroca22,196
3%
Moldova6Ungheni30,804
3%
Moldova8Dubăsari25,060
2%
Estonia9Ahtme I16,863
0%

Score Distribution

Percentile by Number Answered

Percent of People with Each Score

Your Score History

You have not taken this quiz